आमने सामने / (Record no. 113409)

MARC details
000 -LEADER
fixed length control field 01028nam a22002777a 4500
003 - CONTROL NUMBER IDENTIFIER
control field dpl
005 - DATE AND TIME OF LATEST TRANSACTION
control field 20180703151743.0
008 - FIXED-LENGTH DATA ELEMENTS--GENERAL INFORMATION
fixed length control field 180703b xxu||||| |||| 00| 0 eng d
010 ## - LIBRARY OF CONGRESS CONTROL NUMBER
LC control number A-581085
020 ## - INTERNATIONAL STANDARD BOOK NUMBER
Terms of availability 40.00
035 ## - SYSTEM CONTROL NUMBER
System control number A-581085, A-581090
037 ## - SOURCE OF ACQUISITION
Source of stock number/acquisition Cen Lib/Ret
040 ## - CATALOGING SOURCE
Original cataloging agency DPL
Language of cataloging HN
Transcribing agency 0
082 ## - DEWEY DECIMAL CLASSIFICATION NUMBER
Classification number
Item number शर्मासो
100 ## - MAIN ENTRY--PERSONAL NAME
Personal name शर्मा, सोहन
9 (RLIN) 2125
245 ## - TITLE STATEMENT
Title आमने सामने /
Statement of responsibility, etc सोहन शर्मा
246 ## - VARYING FORM OF TITLE
Title proper/short title Amane samne /
Remainder of title by Sohan Sharma
260 ## - PUBLICATION, DISTRIBUTION, ETC. (IMPRINT)
Place of publication, distribution, etc नयी दिल्ली
Name of publisher, distributor, etc पुष्प प्रकाशन
Date of publication, distribution, etc 1992
270 ## - ADDRESS
Address 57-ए, संत नगर
City नयी दिल्ली
Postal code 110065
300 ## - PHYSICAL DESCRIPTION
Extent 127पृ.
Dimensions 16सेमी(सजिल्द )
650 ## - SUBJECT ADDED ENTRY--TOPICAL TERM
Topical term or geographic name as entry element हिंदी साहित्य
General subdivision
Geographic subdivision
9 (RLIN) 52116
650 ## - SUBJECT ADDED ENTRY--TOPICAL TERM
Topical term or geographic name as entry element हिंदी कहानियां
9 (RLIN) 2082
650 ## - SUBJECT ADDED ENTRY--TOPICAL TERM
Topical term or geographic name as entry element Hindi literature
Form subdivision
9 (RLIN) 52117
650 ## - SUBJECT ADDED ENTRY--TOPICAL TERM
Topical term or geographic name as entry element Hindi stories
9 (RLIN) 52118
942 ## - ADDED ENTRY ELEMENTS (KOHA)
Source of classification or shelving scheme Dewey Decimal Classification
Koha item type Hindi Books
Classification part
Call number suffix शर्मासो
Holdings
Withdrawn status Lost status Damaged status Not for loan Home library Current library Date acquired Source of acquisition Cost, normal purchase price Total Checkouts Full call number Barcode Date last seen Copy number Cost, replacement price Price effective from Koha item type Source of classification or shelving scheme Collection code
        Central Library Central Library 12/08/2015 Cen Lib/Ret 40.00   क शर्मासो A-581085 12/08/2015 1 40.00 12/08/2015 Hindi Books    
        Shahdara Branch Shahdara Branch 03/07/2018 BPPD/PUB 40.00   क शर्मासो A-581090 03/07/2018   40.00 03/07/2018 Hindi Books Dewey Decimal Classification Fiction

© Delhi Public Library
Hit Counter
free hit counter